00466pab a2200145 454500008004000000100002300040245008000063260000900143300001500152362000800167650004300175650003800218650002900256773003500285180718b2015 xxu||||| |||| 00| 0 eng d aMaclean, Lauren M. aDemocracy and the distribution of NGOs promoting renewable energy in Africa c2015 ap.725-742. aJun aNongovernmental organizations - Africa aRenewable energy sources - Africa aRenewable energy sources aJournal of Development Studies